|
|
|
|
| LEADER |
00000nam0a2200000 4500 |
| 001 |
101610 |
| 005 |
20231031112711.0 |
| 010 |
|
|
|a 5780602050
|
| 035 |
|
|
|a (RuTPU)RU\TPU\book\109552
|
| 090 |
|
|
|a 101610
|
| 100 |
|
|
|a 20060913d2005 m y0rusy50 ca
|
| 101 |
0 |
|
|a rus
|
| 102 |
|
|
|a RU
|
| 105 |
|
|
|a a j 001zy
|
| 200 |
1 |
|
|a Промышленная экология
|e учебное пособие
|f К. А. Черепанов, М. В. Темлянцев, Е. Н. Темлянцева
|g Сибирский государственный индустриальный университет; под ред. К. А. Черепанова
|
| 210 |
|
|
|a Новокузнецк
|c СибГИУ
|d 2005
|
| 215 |
|
|
|a 212 с.
|c ил.
|
| 320 |
|
|
|a Библиография в конце книги.
|
| 330 |
|
|
|a Содержит основные сведения о техногенном воздействии на окружающую среду, контроле ее качества, нормировании загрязнений. Изложены способы и методы защиты окружающей среды, рассмотрено конструктивное оформление пыле- и газоочистных устройств. Предназначено для студентов вузов, изучающих дисциплины «Промышленная экология», «Экология», «Общие проблемы экологии» в рамках подготовки дипломированных специалистов по направлению «Металлургия» ОКСО 150100, может быть полезно студентам, обучающимся по специальности ОКСО 020804 «Геоэкология», научным и инженерно-техническим работникам, занимающимся вопросами охраны окружающей среды и рационального использования природных ресурсов.
|
| 610 |
1 |
|
|a промышленная экология
|
| 610 |
1 |
|
|a промышленные выбросы
|
| 610 |
1 |
|
|a контроль
|
| 610 |
1 |
|
|a биосфера
|
| 610 |
1 |
|
|a загрязнения
|
| 610 |
1 |
|
|a окружающая среда
|
| 610 |
1 |
|
|a качество
|
| 610 |
1 |
|
|a экологический мониторинг
|
| 610 |
1 |
|
|a сточные воды
|
| 610 |
1 |
|
|a очистка
|
| 610 |
1 |
|
|a ресурсосбережение
|
| 610 |
1 |
|
|a учебные пособия
|
| 675 |
|
|
|a 504.064(075.8)
|v 3
|
| 700 |
|
1 |
|a Черепанов
|b К. А.
|g Корнилий Александрович
|
| 701 |
|
1 |
|a Темлянцев
|b М. В.
|g Михаил Викторович
|
| 701 |
|
1 |
|a Темлянцева
|b Е. Н.
|g Елена Николаевна
|
| 702 |
|
1 |
|a Черепанов
|b К. А.
|g Корнилий Александрович
|4 340
|
| 712 |
0 |
2 |
|a Сибирский государственный индустриальный университет (СибГИУ)
|c (Новокузнецк)
|2 stltpush
|3 (RuTPU)RU\TPU\col\74
|
| 801 |
|
1 |
|a RU
|b 63413507
|c 20060913
|g PSBO
|
| 801 |
|
2 |
|a RU
|b 63413507
|c 20130613
|g PSBO
|
| 900 |
|
|
|a Промышленная экология
|
| 942 |
|
|
|c BK
|